000 01210namaa22003251i 4500
003 EG-GICUC
005 20251116124355.0
008 251116s1995 ua ||||jr|||| 000 0 ara d
017 _a1996 / 9325
_bدار الكتب والوثائق القومية (مصر)
020 _a977550810x
040 _aEG-GiCUC
_bara
_cEG-GiCUC
_dEG-GiCUC
_erda
043 _af-sj---
082 0 4 _221
_a910.92
_bM2978
092 0 4 _221
_a910.92
_bM2978
099 _a910.92 M2978
100 1 _aمقار، نسيم
_eمؤلف.
245 1 2 _aالرحالة الاجانب فى السودان 1730-1851 /
_cد. نسيم مقار
250 _aالطبعة الاولى
264 _aالقاهرة(مصر) :
_bمركز الدراسات السودانية،
_c1995.
300 _a215 صفحة ؛
_c24 سم
336 _2rdacontent
_atext
337 _2rdamedia
_aUnmediated
338 _2rdacarrier
_avolume
504 _aيشتمل على ارجاعات ببليوجرافية.
541 _aد. جابر عصفور ؛
_bالقاهرة ؛
_cإهداء ؛
_d2024.
650 1 7 _aوصف الرحلات
_zالسودان
_2qrmak
651 1 _2qrmak
_aالسودان
_xالرحالة
905 _aNermeen
942 _2ddc
_cBK
_e21
_n0
999 _c175891
_d175891